| 000 -LEADER |
| fixed length control field |
01384pam a2200337 a 4500 |
| 001 - CONTROL NUMBER |
| control field |
2031293 |
| 003 - CONTROL NUMBER IDENTIFIER |
| control field |
NUST |
| 005 - DATE AND TIME OF LATEST TRANSACTION |
| control field |
20180523050404.0 |
| 008 - FIXED-LENGTH DATA ELEMENTS--GENERAL INFORMATION |
| fixed length control field |
920401s1992 maua be 001 0 eng |
| 010 ## - LIBRARY OF CONGRESS CONTROL NUMBER |
| LC control number |
92014999 |
| 020 ## - INTERNATIONAL STANDARD BOOK NUMBER |
| International Standard Book Number |
0750691689 |
| 038 ## - RECORD CONTENT LICENSOR |
| Staff Name |
SNS Library |
| 040 ## - CATALOGING SOURCE |
| Original cataloging agency |
DLC |
| Transcribing agency |
DLC |
| Modifying agency |
DLC |
| 050 00 - LIBRARY OF CONGRESS CALL NUMBER |
| Classification number |
TA418.7 |
| Item number |
.B73 1992 |
| 082 00 - DEWEY DECIMAL CLASSIFICATION NUMBER |
| Classification number |
620.44 |
| Edition number |
20 |
| 100 ## - MAIN ENTRY--PERSONAL NAME |
| Personal name |
C. Richard Brundle |
| 9 (RLIN) |
10454 |
| 245 00 - TITLE STATEMENT |
| Title |
Encyclopedia of materials characterization : |
| Remainder of title |
surfaces, interfaces, thin films / |
| Statement of responsibility, etc. |
editors, C. Richard Brundle, Charles A. Evans, Jr., Shaun Wilson ; managing editor, Lee E. Fitzpatrick. |
| 260 ## - PUBLICATION, DISTRIBUTION, ETC. |
| Place of publication, distribution, etc. |
Boston : |
| Name of publisher, distributor, etc. |
Butterworth-Heinemann ; |
| Place of publication, distribution, etc. |
Greenwich, CT : |
| Name of publisher, distributor, etc. |
Manning, |
| Date of publication, distribution, etc. |
c1992. |
| 300 ## - PHYSICAL DESCRIPTION |
| Extent |
xix, 751 p. : |
| Other physical details |
ill. ; |
| Dimensions |
25 cm. |
| 440 #0 - SERIES STATEMENT/ADDED ENTRY--TITLE |
| Title |
Materials characterization series |
| 9 (RLIN) |
10455 |
| 504 ## - BIBLIOGRAPHY, ETC. NOTE |
| Bibliography, etc. note |
Includes bibliographical references and index. |
| 650 #0 - SUBJECT ADDED ENTRY--TOPICAL TERM |
| Topical term or geographic name entry element |
Surfaces (Technology) |
| General subdivision |
Testing. |
| 9 (RLIN) |
10456 |
| 700 1# - ADDED ENTRY--PERSONAL NAME |
| Personal name |
Brundle, C.R. |
| 9 (RLIN) |
10457 |
| 700 1# - ADDED ENTRY--PERSONAL NAME |
| Personal name |
Evans, Charles A. |
| 9 (RLIN) |
10458 |
| 700 1# - ADDED ENTRY--PERSONAL NAME |
| Personal name |
Wilson, Shaun. |
| 9 (RLIN) |
10459 |
| 856 42 - ELECTRONIC LOCATION AND ACCESS |
| Materials specified |
Publisher description |
| Uniform Resource Identifier |
<a href="http://www.loc.gov/catdir/description/els032/92014999.html">http://www.loc.gov/catdir/description/els032/92014999.html</a> |
| 856 41 - ELECTRONIC LOCATION AND ACCESS |
| Materials specified |
Table of contents |
| Uniform Resource Identifier |
<a href="http://www.loc.gov/catdir/toc/els032/92014999.html">http://www.loc.gov/catdir/toc/els032/92014999.html</a> |
| 906 ## - LOCAL DATA ELEMENT F, LDF (RLIN) |
| a |
7 |
| b |
cbc |
| c |
orignew |
| d |
1 |
| e |
ocip |
| f |
19 |
| g |
y-gencatlg |
| 942 ## - ADDED ENTRY ELEMENTS (KOHA) |
| Source of classification or shelving scheme |
|
| Koha item type |
Book |